| Поле | Инд. | ПП | Название | Значение |
|---|---|---|---|---|
| Тип записи | a | |||
| Библиографический уровень | b | |||
| 001 | Контрольный номер | RU/IS/BASE/511006171 | ||
| 005 | Дата корректировки | 20200630193218.6 | ||
| 008 | Кодируемые данные | 20160311 | ||
| 040 | b | Код языка каталог. | rus | |
| e | Правила каталог. | PSBO | ||
| 041 | 0_ | a | Код языка текста | rus |
| 084 | a | Индекс другой классификации/Индекс ББК | 65.051.524.5(2Рос); 65.052.235(2Рос) | |
| 100 | 1_ | a | Автор | Кучмаева О. В. |
| 100 | 1_ | a | Автор | Агеева Л. И. |
| 100 | 1_ | a | Автор | Смелов П. А. |
| 245 | 10 | a | Заглавие | О совершенствовании методологии расчета показателя "средняя заработная плата" |
| 520 | 0_ | a | Аннотация | Авторы аргументировали свою позицию относительно необходимости совершенствования методологии исчисления показателя «средняя заработная плата» - очень важного для характеристики уровня жизни населения, к тому же используемого при формирования ряда других социально-экономических показателей, в частности, показателей «доля работающих бедных» и «доля занятых с низким уровнем заработной платы». В предлагаемом подходе к расчету средней заработной платы более полно охвачены субъекты статистического наблюдения за счет дополнения к традиционно учитываемым категориям работающего по найму населения индивидуальных предпринимателей и лиц, приравненных к индивидуальным предпринимателям. Соответственно адаптирована применительно к решению новой задачи административная статистика - база данных Пенсионного фонда Российской Федерации. Предложения авторов позволяют охватить в оценках средней заработной платы практически все группы работников. Результаты экспериментальных расчетов средней заработной платы на объединенной основе традиционной общегосударственной статистики и административной статистики представлены в сопоставлении с официальными данными. Выявлена дифференциация в отклонениях по расчетным данным в целом по стране, субъектам Российской Федерации и видам экономической деятельности |
| 650 | 14 | a | Основная рубрика | бухгалтерский учет |
| a | Основная рубрика | учет | ||
| a | Основная рубрика | экономика | ||
| a | Основная рубрика | экономическая статистика | ||
| 653 | 1_ | a | Ключевые слова | ведомственная статистика |
| a | Ключевые слова | виды экономической деятельности | ||
| a | Ключевые слова | денежные доходы населения | ||
| a | Ключевые слова | заработная плата | ||
| a | Ключевые слова | индивидуальные предприниматели | ||
| a | Ключевые слова | официальная статистика | ||
| a | Ключевые слова | работающие по найму | ||
| a | Ключевые слова | расчет заработной платы | ||
| a | Ключевые слова | расчет показателей | ||
| a | Ключевые слова | регионы России | ||
| a | Ключевые слова | Россия | ||
| a | Ключевые слова | статистика заработной платы | ||
| a | Ключевые слова | статистика труда | ||
| 773 | 08 | t | Заглавие источника | Вопросы статистики |
| d | Дата издания источника | 2015 | ||
| g | Прочая информация | № 7. - С. 3 - 9 : табл. | ||
| w | Контрольный № источника | RU/IS/BASE/492521443 | ||
| 901 | t | Тип документа | b |